Ako podnikať
Z obsahu: Informácie unikajú pre slabú lojalitu i korupciu. Zatiaľ iba zmluvy, ktoré chcú len postrašiť. Zamestnanecké zmluvy o zákaze konkurencie. Efektívny predajca - dodávateľa už máme.
Salvato in:
| Natura: | Capitolo di libro |
|---|---|
| Lingua: | slovacco |
| Soggetti: | |
| Tags: |
Nessun Tag, puoi essere il primo ad aggiungerne!!
|
MARC
| LEADER | 00000naa$a2200000$$$4500 | ||
|---|---|---|---|
| 001 | 0038867 | ||
| 005 | 20231009082820.8 | ||
| 041 | 0 | |a slo | |
| 044 | |a SK | ||
| 245 | 1 | 0 | |a Ako podnikať |
| 520 | |a Z obsahu: Informácie unikajú pre slabú lojalitu i korupciu. Zatiaľ iba zmluvy, ktoré chcú len postrašiť. Zamestnanecké zmluvy o zákaze konkurencie. Efektívny predajca - dodávateľa už máme. | ||
| 610 | 2 | 0 | |a podnikanie |
| 610 | 2 | 0 | |a informácie |
| 610 | 2 | 0 | |a korupcia |
| 610 | 2 | 0 | |a zmluvy |
| 610 | 2 | 0 | |a zamestnanci |
| 610 | 2 | 0 | |a konkurencia |
| 610 | 2 | 0 | |a predaj |
| 610 | 2 | 0 | |a dodávatelia |